| 000 | 00964nam a2200241 a 4500 | ||
|---|---|---|---|
| 001 | 000037744 | ||
| 005 | 20240228142235.0 | ||
| 008 | 130305s2012 dr ad 001 0 spa d | ||
| 020 | _a9789945472103 | ||
| 040 |
_aDO-SdBNP _bspa _cBNPHU |
||
| 082 |
_a467.97293 _bM433ci |
||
| 100 | 1 |
_aMatos Moquete, Manuel, _d1944- _96349 |
|
| 245 | 1 | 0 |
_aCien años de la enseñanza del español en República Dominicana : _bperspectiva histórica / _cManuel Matos Moquete. |
| 260 |
_aSanto Domingo : _bINTEC, _c2012. |
||
| 300 |
_a486 p. : _bil., tablas ; _c23 cm. |
||
| 500 | _aIncluye datos biográficos del autor en las solapas de la cubierta. | ||
| 500 | _aIncluye bibliografía y notas al pie de páginas. | ||
| 504 | _aBibliografía : p. 475-486 | ||
| 590 | _aInventariado, 2018/LP | ||
| 650 | 4 |
_aEspañol _xEnseñanza _yREPÚBLICA DOMINICANA _xHistoria _950188 |
|
| 650 | 4 |
_aEspañol en república dominicana _xHistoria _937468 |
|
| 910 | _aValidado. Control de calidad EMS | ||
| 999 |
_c37234 _d37234 |
||